Statistics for Foods Starting with C

Click here to take the quiz!

General Stats

  • This quiz has been taken 179 times
  • The average score is 11 of 17

Answer Stats

Answer% Correct
Coca Cola/ Coke
99%
Coconut
97%
Corn
95%
Cupcake
94%
Cauliflower
91%
Cashew
90%
Cabbage
87%
Celery
77%
Champagne
77%
Cheesecake
72%
Cranberry
66%
Cracker
37%
Candied Apple
25%
Chardonnay
25%
Couscous
24%
Crossaint
8%
Capers
3%

Score Distribution

Percentile by Number Answered

Percent of People with Each Score

Your Score History

You have not taken this quiz